Vocabulaire de l'Amérique espagnole (notice n° 1982579)
[ vue normale ]
| 000 -LEADER | |
|---|---|
| fixed length control field | 01010cam a2200133 4500500 |
| 005 - DATE AND TIME OF LATEST TRANSACTION | |
| control field | 20260329043041.0 |
| 041 ## - LANGUAGE CODE | |
| Language code of text/sound track or separate title | fre |
| 042 ## - AUTHENTICATION CODE | |
| Authentication code | dc |
| 100 10 - MAIN ENTRY--PERSONAL NAME | |
| Personal name | Molinié-Bertrand, Annie |
| Relator term | author |
| 245 00 - TITLE STATEMENT | |
| Title | Vocabulaire de l'Amérique espagnole |
| 260 ## - PUBLICATION, DISTRIBUTION, ETC. | |
| Name of publisher, distributor, etc. | Armand Colin,<br/> |
| Date of publication, distribution, etc. | 2005.<br/> |
| 520 ## - SUMMARY, ETC. | |
| Summary, etc. | Ce lexique présente l'histoire et la civilisation de l'Amérique espagnole aux XVIe et XVIIe siècles. Il raconte la conquête de l'Amérique par les Espagnols et le sort réservé aux Indiens. Il décrit les institutions, la fiscalité, l'économie, les mentalités, la société et nous renseigne sur certains personnages, certaines cités aux noms mythiques. Complèment du Vocabulaire historique de l'Espagne classique, il permet aux étudiants hispanistes et américanistes ainsi qu'aux historiens d'établir un va-et-vient entre l'Espagne du Siècle d'Or et l'Amérique coloniale. |
| 856 41 - ELECTRONIC LOCATION AND ACCESS | |
| Uniform Resource Identifier | <a href="https://shs.cairn.info/vocabulaire-de-l-amerique-espagnole--9782200343859?lang=fr&redirect-ssocas=7080">https://shs.cairn.info/vocabulaire-de-l-amerique-espagnole--9782200343859?lang=fr&redirect-ssocas=7080</a> |
Pas d'exemplaire disponible.




Réseaux sociaux